| 000 | 00607nam a2200193 4500 | ||
|---|---|---|---|
| 005 | 20250609163559.0 | ||
| 010 | _aENG-145222 | ||
| 020 |
_a9788194281122 _c899.00 |
||
| 035 | _aEN-128754 | ||
| 037 | _bDBAD | ||
| 082 | _a305.568 | ||
| 100 |
_aBabar, Ashok _981810 |
||
| 245 |
_aAmbedkarite Literary Theory/ _cAshok Babar |
||
| 250 | _a1 | ||
| 260 |
_aPune _bAarsh Publicattions _c2023 |
||
| 270 |
_a11, Patel Villa, Lane No. 3, Right Bhusari Colony, Paud Road _bPune _e411038 _k9637104293 _maarshpublications@gmail.com |
||
| 300 |
_a525p. _c22cm.(pb) |
||
| 942 |
_2ddc _cEN _h305.568 _mBAB |
||
| 999 |
_c211678 _d211678 |
||